|
|
|
|
| LEADER |
00567cam a2200193 a 4500 |
| 001 |
0000025452 |
| 005 |
19980105090000.0 |
| 040 |
|
|
|a mod
|
| 041 |
|
|
|a eng
|
| 020 |
0 |
0 |
|a 0471937290
|
| 090 |
0 |
0 |
|a 658.403
|b BRY
|
| 100 |
1 |
0 |
|a BRYANT
|h Jim
|
| 245 |
1 |
0 |
|a Problem management
|b a guide for producers and players
|c Jim Bryant
|
| 260 |
0 |
0 |
|a Chichester
|b John Wiley & Sons
|c 1989
|
| 300 |
0 |
0 |
|a xi, 340p.
|c 24cm
|
| 500 |
0 |
0 |
|a Includes bibliographical references and index
|
| 650 |
0 |
0 |
|a Problem solving
|
| 852 |
0 |
0 |
|a 01
|
| 999 |
|
|
|a 0141339
|b KEMENTAH
|d BOOKS
|e Umum
|f Perpustakaan KEMENTAH
|j AVAILABLE
|q OLD
|